Detalles MARC
| 000 -LÍDER |
| Campo fijo de descripción fija |
01869nam a22003854i 4500 |
| 001 - NÚMERO DE CONTROL |
| Campo de control |
2961139 |
| 003 - IDENTIFICADOR DEL NÚMERO DE CONTROL |
| Campo de control |
CO-MdFUSB |
| 005 - FECHA Y HORA DE LA ULTIMA TRANSACCIÓN |
| control field |
20180904122057.0 |
| 008 - ELEMENTOS DE LONGITUD FIJA -- INFORMACIÓN GENERAL |
| Campo fijo de descripción fija -- Información general |
910809s1991 ilu b 001 0 eng |
| 010 ## - NÚMERO DE CONTROL DE LA BIBLIOTECA DEL CONGRESO |
| Número de control LC |
91031817 |
| 020 ## - NÚMERO INTERNACIONAL NORMALIZADO PARA LIBROS |
| Número Internacional Normalizado del libro |
0830817654 (alk. paper) |
| 040 ## - FUENTE DE CATALOGACIÓN |
| Agencia de catalogación original |
DLC |
| Agencia que realiza la modificación |
DLC |
| Idioma de catalogación |
spa |
| Agencia que realiza la transcripción |
CO-MdFUSB |
| Convenciones de la descripción |
rda |
| 041 ## - CÓDIGO DE IDIOMA |
| Código de idioma para texto/pista de sonido o título separado |
spa |
| 082 00 - NÚMERO DE CLASIFICACIÓN DECIMAL DEWEY |
| Número de clasificación |
230.041 |
| Número de la edición del Dewey |
23 |
| Clave de autor-Numero de item |
B167 |
| 100 1# - ASIENTO PRINCIPAL--NOMBRE PERSONAL |
| Nombre personal |
Baker, D. L. |
| Término relacionador |
autor |
| 245 10 - TÍTULO |
| Título del Material |
Two Testaments, one Bible |
| Parte restante del título - Subtitulo |
: a study of the theological relationship between the Old & New Testaments / |
| Mención de responsabilidad, etc. |
David L. Baker |
| 250 ## - MENCIÓN DE EDICIÓN |
| Mención de edición |
Edición revisada |
| 264 #1 - PRODUCCIÓN, PUBLICACIÓN, DISTRIBUCIÓN, MANUFACTURA, Y COPYRIGHT |
| Lugar de producción, publicación, distribución, manufactura |
Downers Grove, Ill.Usa : |
| Nombre del productor, publicador, distribuidor |
InterVarsity Press, |
| Fecha de producción, publicación, distribución, manufactura, o copyright |
℗1976 |
| 264 #4 - PRODUCCIÓN, PUBLICACIÓN, DISTRIBUCIÓN, MANUFACTURA, Y COPYRIGHT |
| Fecha de producción, publicación, distribución, manufactura, o copyright |
©1976 |
| 300 ## - DESCRIPCIÓN FÍSICA |
| Extensión |
302 páginas ; |
| Dimensiones |
23 cm. |
| 336 ## - TIPO DE CONTENIDO |
| Fuente |
rdacontent |
| Término de tipo de contenido |
texto |
| Código de tipo de contenido |
txt |
| 337 ## - TIPO DE MEDIO |
| Fuente |
rdamedia |
| Nombre del tipo de medio |
sin mediación |
| Código del tipo de medio |
n |
| 338 ## - TIPO DE SOPORTE |
| Fuente |
rdacarrier |
| Nombre del tipo de soporte |
volumen |
| Código Tipo de soporte |
nc |
| 504 ## - NOTA DE BIBLIOGRAFÍA, ETC. |
| Nota de bibliografía, etc |
Incluye bibliografía general (página 273)<br/>Incluye indices (página 283) |
| 505 ## - NOTA DE CONTENIDO |
| Información miscelánea |
Parte 1. |
| Título |
El problema: |
| Nota de contenido con formato preestablecido |
1. Fundamentos bíblicos -- 2. Los dos testamentos en la historia de la interpretación bíblica |
| 505 ## - NOTA DE CONTENIDO |
| Información miscelánea |
Parte 2. |
| Título |
Cuatro soluciones modernas: |
| Nota de contenido con formato preestablecido |
3. El nuevo testamento como la biblia esencial -- 4. El Antiguo y el Nuevo Testamento como una igual escritura cristiana -- 5. El Antiguo Testamento como la biblia esencial -- El Antiguo y el Nuevo Testamento como única historia de salvación -- |
| 505 ## - NOTA DE CONTENIDO |
| Información miscelánea |
Parte 3. |
| Título |
Tres temas claves: |
| Nota de contenido con formato preestablecido |
7. Tipología -- 8. Promesa y cumplimiento -- 9. Continuidad y descontinuidad |
| 505 ## - NOTA DE CONTENIDO |
| Información miscelánea |
Parte 4. |
| Título |
Conclusión: |
| Nota de contenido con formato preestablecido |
10. La realidad teológica entre los testamentos |
| 630 07 - TITULO UNIFORME |
| Título uniforme |
Biblia. |
| Nombre de parte o sección de la obra |
Antiguo Testamento |
| 630 07 - TITULO UNIFORME |
| Título uniforme |
Biblia. |
| Nombre de parte o sección de la obra |
Nuevo Testamento |
| 906 ## - LOCAL DATA ELEMENT F, LDF (RLIN) |
| a |
7 |
| b |
cbc |
| c |
orignew |
| d |
1 |
| e |
ocip |
| f |
19 |
| g |
y-gencatlg |
| 942 ## - TIPO DE MATERIAL (KOHA) |
| Tipo de Item KOHA |
Libros General |